Central Library OPAC University of Rajshahi

Elementary calculus : (Record no. 51578)

MARC details
000 -LEADER
fixed length control field 00644nam a2200217 a 4500
001 - CONTROL NUMBER
control field 51578
003 - CONTROL NUMBER IDENTIFIER
rucl marc code BD-RjUL
005 - DATE AND TIME OF LATEST TRANSACTION
control field 20211209075701.0
008 - FIXED-LENGTH DATA ELEMENTS--GENERAL INFORMATION
fixed length control field 160831r19621947enka 000 0 eng d
035 ## - SYSTEM CONTROL NUMBER
System control number (BD-RjUL)51698
040 ## - CATALOGING SOURCE
Original cataloging agency NLW
Transcribing agency NLW
Modifying agency BD-RjUL
Language of cataloging eng
041 ## - LANGUAGE CODE
Language code of text/sound track or separate title eng
082 ## - DEWEY DECIMAL CLASSIFICATION NUMBER
Edition number 23
Author mark and year RAE 1962
Classification number 515
100 1# - MAIN ENTRY--PERSONAL NAME
Personal name Ramsey, A. S.
Fuller form of name (Arthur Stanley),
Dates associated with a name 1867-1954
9 (RLIN) 152036
245 10 - TITLE STATEMENT
Title Elementary calculus :
Remainder of title a book for beginners /
Statement of responsibility, etc. A. S. Ramsey
250 ## - EDITION STATEMENT
Edition statement 3rd. ed.
260 ## - PUBLICATION, DISTRIBUTION, ETC. (IMPRINT)
Place of publication, distribution, etc. Cambridge :
Name of publisher, distributor, etc. University Press,
Date of publication, distribution, etc. 1947 [ Reprinted 1962 ]
300 ## - PHYSICAL DESCRIPTION
Pagination ix, 194 p. :
Illustrations ill. ;
Size 20 cm.
650 #0 - SUBJECT ADDED ENTRY--TOPICAL TERM
Topical term or geographic name as entry element Calculus.
9 (RLIN) 154171
942 ## - ADDED ENTRY ELEMENTS (KOHA)
Source of classification or shelving scheme Dewey Decimal Classification
Koha item type Books
Holdings
Lost status Source of classification or shelving scheme Damaged status Not for loan Collection code Permanent Location Current Location Shelving location Date acquired Source of acquisition Cost, normal purchase price Total Checkouts Full call number Date last seen Copy number Koha item type
  Dewey Decimal Classification     Non-fiction Central Library, University of Rajshahi Central Library, University of Rajshahi   03/11/1969 Zeit 11.00   515 RAE 1962 31/08/2016 C-2 Books